Thekkan pattukal/ (Record no. 46698)

000 -LEADER
fixed length control field 00320nam a22001211a 4500
082 ## - DEWEY DECIMAL CLASSIFICATION NUMBER
Classification number M 398.2
Item number KAS/T
100 ## - MAIN ENTRY--PERSONAL NAME
Personal name Kassim T Konniyoor
9 (RLIN) 115370
245 ## - TITLE STATEMENT
Title Thekkan pattukal/
Statement of responsibility, etc. by Kassim T Konniyoor
260 ## - PUBLICATION, DISTRIBUTION, ETC.
Place of publication, distribution, etc. Kayamkulam:
Name of publisher, distributor, etc. Lekha Publications,
Date of publication, distribution, etc. 1967.
300 ## - PHYSICAL DESCRIPTION
Extent 90p.
650 ## - SUBJECT ADDED ENTRY--TOPICAL TERM
Topical term or geographic name entry element Thekkan Pattu
9 (RLIN) 115371
942 ## - ADDED ENTRY ELEMENTS (KOHA)
Koha item type Book
Holdings
Withdrawn status Lost status Damaged status Not for loan Permanent Location Current Location Date acquired Cost, normal purchase price Total Checkouts Full call number Barcode Date last seen Cost, replacement price Price effective from Koha item type
Write off   Damaged Not For Loan Sree Sankaracharya University of Sanskrit Sree Sankaracharya University of Sanskrit 08.01.2015 2.25   M 398.2 K67 001944 08.01.2015 0.00 08.01.2015 Book